000 00929nam a22002657a 4500
001 7382
003 FISKH
005 20250711105901.0
008 250711b cb ||||| |||| 00| 0 eng d
020 _a0736421300
040 _aFISKH
_beng
_cFISKH
_dFISKH
050 _aPZ7.H4763 N
082 _a813.6
100 _aHerman, Gail
245 _aFinding Nemo :
_bThe junior novelization /
_cAdapted by Gail Herman : Designed by Disney's Global Design Group
260 _aNew York :
_bRandom House ,
_c2003.
300 _a127 pages :
_bcolor illustrations ;
_c20 cm .
505 _aK
520 _aJoin Marlin, a brave clownfish, who must embark on an amazing journey across the ocean to find his son, Nemo. This junior novel features full-color stills from the hit movie!
521 8 _a510
_bLexile estimate
521 8 _aK
_bRaz-Plus
650 _aMovie
_vFiction
942 _2ddc
_cBK
_n0
999 _c7382
_d7382